000 00542nam a2200205Ia 4500
003 OSt
005 20230421092848.0
008 210423s2004 xx 000 0 und d
020 _a041528306x
040 _cAL
041 _aeng
082 _a418.02 HATB
100 _aHATIM (Basil);Munday ( Jeremy).
_991271
245 _aTranslation: an advanced resource book.
260 _aLondon
_bRoutledge
_c2004
300 _axx,373,6
_bPB
365 _b495
_cINR
906 _aadvanced ; an ; book. ; resource ; Translation:
942 _2ddc
_cBK
999 _c160414
_d160414